[Event "Open - 7 Day"]
[Site "Philadelphia"]
[Date "2001.07.03"]
[Round "2"]
[White "Nagle, Sean"]
[Black "Pugh, Lawrence B"]
[Result "1-0"]
[WhiteElo "2285"]
[BlackElo "2001"]
[PlyCount "53"]
[EventDate "2001.07"]

1. d4 Nf6 2. c4 g6 3. Nc3 d5 4. Nf3 Bg7 5. Bf4 c6 6. e3 O-O 7. Rc1 c5 8. dxc5
Qa5 9. Qa4 Qxc5 10. b4 Qb6 11. cxd5 Bd7 12. Qb3 a5 13. b5 a4 14. Qb4 Rc8 15.
Be2 Na6 16. Qa3 Nc5 17. O-O Bf8 18. Ne5 e6 19. d6 Qd8 20. Rfd1 h6 21. Bf3 Rab8
22. Nxa4 Qa5 23. Rxc5 Rxc5 24. Qxc5 Qxa4 25. Qc7 Rc8 26. Nxd7 Rxc7 27. dxc7 1-0

[Event "Open - 7 Day"]
[Site "Philadelphia"]
[Date "2001.07.03"]
[Round "2"]
[White "Nolan, Gregory M"]
[Black "Geist, Mark J"]
[Result "0-1"]
[WhiteElo "2105"]
[BlackElo "2274"]
[PlyCount "82"]
[EventDate "2001.07"]

1. d4 e6 2. c4 f5 3. g3 Nf6 4. Bg2 d5 5. Nf3 c6 6. b3 Bd6 7. O-O Nbd7 8. Bb2
O-O 9. Nc3 Ne4 10. Nd2 Nxc3 11. Bxc3 g5 12. e3 g4 13. f4 gxf3 14. Nxf3 Qf6 15.
Qd2 Rf7 16. Qb2 Rg7 17. Ne5 Qh6 18. Rae1 Nf6 19. Rf4 Rg5 20. Bf3 Bd7 21. Re2
Rf8 22. Rg2 Kh8 23. b4 Be8 24. Rh4 Qg7 25. Qe2 Rg8 26. a4 Ne4 27. Bxe4 dxe4 28.
b5 Bxe5 29. dxe5 c5 30. Qd1 b6 31. Qd6 Bf7 32. Be1 Rg4 33. Rh3 Qg5 34. Re2 Rd8
35. Qc7 Bg8 36. Qxa7 Rd3 37. Bf2 f4 38. exf4 Rxf4 39. Be3 Qg4 40. Rf2 Rd1+ 41.
Kg2 Rxf2+ 0-1

[Event "Open - 7 Day"]
[Site "Philadelphia"]
[Date "2001.07.03"]
[Round "2"]
[White "Patterson, Roger"]
[Black "Donaldson, W John"]
[Result "1/2-1/2"]
[WhiteElo "2327"]
[BlackElo "2519"]
[PlyCount "48"]
[EventDate "2001.07"]

1. e4 c5 2. Nf3 Nc6 3. d4 cxd4 4. Nxd4 g6 5. Nc3 Bg7 6. Be3 Nf6 7. Bc4 Qa5 8.
O-O O-O 9. Nb3 Qc7 10. Qd2 d6 11. h3 Ne5 12. Be2 Nc4 13. Bxc4 Qxc4 14. Rfe1 Bd7
15. Bh6 Rfe8 {Diagram} (15... Rfc8 {b5-b4}) 16. Bxg7 Kxg7 17. Rad1 Rac8 18. Qe3
b6 19. Re2 Bc6 20. Rd4 Qa6 21. f4 Qb7 22. Qd2 Nd7 23. e5 dxe5 24. fxe5 Nf8 {
Diagram 25. Rh4 h5 26. Nd4 e6} 1/2-1/2

[Event "Open - 7 Day"]
[Site "Philadelphia"]
[Date "2001.07.03"]
[Round "2"]
[White "Shahade, Jennifer"]
[Black "Gulko, Boris"]
[Result "0-1"]
[WhiteElo "2336"]
[BlackElo "2708"]
[PlyCount "120"]
[EventDate "2001.07"]

1. e4 c5 2. Nf3 Nc6 3. d4 cxd4 4. Nxd4 Nf6 5. Nc3 d6 6. Bg5 Qb6 7. Nb3 e6 8.
Qd2 a6 9. O-O-O Be7 10. f3 O-O 11. g4 Na5 12. Nxa5 Qxa5 13. Kb1 Kh8 14. h4 b5
15. Bd3 b4 16. Ne2 e5 17. Bxf6 Bxf6 18. Bc4 Be7 19. Ng3 Be6 20. Bd5 Bxd5 21.
Qxd5 Qxd5 22. Rxd5 g6 23. Rh2 Rac8 24. Ra5 Rc6 25. a3 Rb8 26. axb4 Rxb4 27. Ra3
d5 28. exd5 Rcb6 29. Rb3 Rxb3 30. cxb3 Rxb3 31. Ne4 Rd3 32. g5 Rxd5 33. Rc2 Kg7
34. Rc6 Rd3 35. Rc7 Bd8 36. Rc8 h6 37. Ra8 a5 38. Kc2 Rd7 39. Kc3 hxg5 40. hxg5
Rd4 41. b3 Kf8 42. Nc5 Ke7 43. Ra7+ Ke8 44. Ra8 Ke7 45. Ra7+ Kd6 46. Nb7+ Ke6
47. Nxd8+ Rxd8 48. Rxa5 Kf5 49. Ra7 Rf8 50. Re7 Kxg5 51. Rxe5+ Kf4 52. Re1 Kxf3
53. Kd4 Rd8+ 54. Kc5 f5 55. b4 g5 56. b5 f4 57. b6 g4 58. b7 g3 59. Rb1 g2 60.
Kc6 Kf2 0-1

[Event "Open - 7 Day"]
[Site "Philadelphia"]
[Date "2001.07.03"]
[Round "2"]
[White "Simutowe, Amon"]
[Black "Gibson, Carter B"]
[Result "1-0"]
[WhiteElo "2570"]
[BlackElo "2082"]
[PlyCount "69"]
[EventDate "2001.07"]

1. d4 d5 2. c4 c6 3. Nc3 Nf6 4. Nf3 dxc4 5. a4 Bf5 6. e3 e6 7. Bxc4 Bb4 8. O-O
O-O 9. h3 h6 10. Bd2 a5 11. Re1 Nbd7 12. Qb3 Nb6 13. Bf1 Qc7 14. Rac1 Rfd8 15.
g3 Bh7 16. e4 Bxc3 17. bxc3 Bxe4 18. Bf4 Qe7 19. Nd2 Nxa4 20. Nxe4 Nxe4 21.
Rxe4 b5 22. c4 g5 23. Be3 Qb4 24. Qc2 Rdc8 25. h4 Qe7 26. hxg5 hxg5 27. Re5 f6
28. Bxg5 Qf7 29. Bxf6 Qxf6 30. Qe4 Qh8 31. g4 Kf7 32. cxb5 Rg8 33. Rxc6 Rg6 34.
Bg2 Rag8 35. Rc7+ 1-0

[Event "Open - 7 Day"]
[Site "Philadelphia"]
[Date "2001.07.03"]
[Round "2"]
[White "Solomon, Kenneth"]
[Black "Delgado, Victor"]
[Result "1-0"]
[WhiteElo "2390"]
[BlackElo "2249"]
[PlyCount "127"]
[EventDate "2001.07"]

1. d4 Nf6 2. c4 g6 3. Nf3 Bg7 4. g3 O-O 5. Bg2 d6 6. O-O Nc6 7. Nc3 Bf5 8. Ne1
e5 9. d5 Ne7 10. e4 Bg4 11. f3 Bd7 12. Nd3 b6 13. Bg5 Ne8 14. Qd2 f6 15. Be3 f5
16. Bg5 Nf6 17. Rae1 Rf7 18. f4 Nxe4 19. Nxe4 fxe4 20. Bxe4 Bh3 21. Bg2 Bxg2
22. Qxg2 h6 23. Bxe7 Qxe7 24. Qe4 Kh7 25. h4 Bf6 26. fxe5 dxe5 27. Nxe5 Bxe5
28. Rxf7+ Qxf7 29. Qxe5 Rf8 30. Qe7 Kg7 31. Qxf7+ Rxf7 32. Kg2 h5 33. Re6 a5
34. b3 Kh7 35. Re8 Kg7 36. Re3 Kh7 37. Rf3 Rd7 38. Kf2 Kg7 39. Ke3 Re7+ 40. Kd2
Rd7 41. Kc3 Re7 42. Kd3 Re1 43. Re3 Rg1 44. a3 Kf6 45. Ke4 Rc1 46. a4 Rb1 47.
d6 cxd6 48. Kd5 Rd1+ 49. Kc6 Kf5 50. Kxb6 d5 51. cxd5 Rxd5 52. b4 axb4 53. a5
Re5 54. Rb3 Kg4 55. a6 Re6+ 56. Ka5 Rf6 57. a7 Rf8 58. Kxb4 Ra8 59. Ra3 Rxa7
60. Rxa7 Kxg3 61. Kc3 Kxh4 62. Kd2 g5 63. Ke1 Kg3 64. Kf1 1-0

[Event "Open - 7 Day"]
[Site "Philadelphia"]
[Date "2001.07.03"]
[Round "2"]
[White "Steigman, A J."]
[Black "Mucerino, Joseph J"]
[Result "1-0"]
[WhiteElo "2249"]
[BlackElo "1902"]
[PlyCount "69"]
[EventDate "2001.07"]

1. e4 d5 2. exd5 Nf6 3. d4 Bg4 4. Bb5+ Nbd7 5. f3 Bf5 6. c4 e6 7. Bxd7+ Qxd7 8.
dxe6 Bxe6 9. b3 Bb4+ 10. Kf2 O-O 11. Ne2 c6 12. Bb2 Rad8 13. Nd2 Qc7 14. a3 Be7
15. g3 Qa5 16. Re1 Qh5 17. Kg1 Bd6 18. Nc3 Bf5 19. Nce4 Nxe4 20. Nxe4 Bxe4 21.
fxe4 Qxd1 22. Raxd1 Bc7 23. d5 Bb6+ 24. Kg2 f6 25. b4 c5 26. b5 Bc7 27. e5 fxe5
28. Bxe5 Bxe5 29. Rxe5 Rfe8 30. Rde1 Rxe5 31. Rxe5 Kf7 32. Re6 Rd7 33. Kf3 Rd8
34. Kf4 Rd7 35. Ke5 1-0

[Event "Open - 7 Day"]
[Site "Philadelphia"]
[Date "2001.07.03"]
[Round "2"]
[White "Vovsha, Eli"]
[Black "Ritvin, Stanislav"]
[Result "1/2-1/2"]
[WhiteElo "2471"]
[BlackElo "2310"]
[PlyCount "50"]
[EventDate "2001.07"]

1. e4 c5 2. Nf3 e6 3. d4 cxd4 4. Nxd4 a6 5. Nc3 d6 6. Be3 Nf6 7. f3 b5 8. Qd2
Bb7 9. O-O-O Nbd7 10. g4 Nb6 11. g5 Nfd7 12. Bd3 Ne5 13. f4 Nec4 14. Bxc4 Nxc4
15. Qd3 Rc8 16. Rhe1 Be7 17. h4 b4 18. Nce2 d5 19. e5 a5 20. Bf2 g6 21. h5 a4
22. Rh1 Rg8 23. hxg6 hxg6 24. Rh7 Qa5 25. Be1 Qa6 1/2-1/2

[Event "Open - 7 Day"]
[Site "Philadelphia"]
[Date "2001.07.03"]
[Round "2"]
[White "Wall, Brian"]
[Black "Rowley, Robert J"]
[Result "0-1"]
[WhiteElo "2200"]
[BlackElo "2302"]
[PlyCount "116"]
[EventDate "2001.07"]

1. e4 c6 2. Nf3 d5 3. e5 Bg4 4. d4 e6 5. c3 c5 6. dxc5 Bxf3 7. Qxf3 Bxc5 8. Qg3
g6 9. Nd2 Ne7 10. Bd3 Nbc6 11. Nf3 d4 12. Be4 dxc3 13. bxc3 Qa5 14. O-O Nf5 15.
Bxf5 exf5 16. Bg5 O-O 17. Bf6 Rfe8 18. Ng5 Nxe5 19. Nxh7 Ng4 20. h3 Nxf2 21.
Rxf2 Qb6 22. Raf1 Re2 23. Bd4 Bxd4 24. cxd4 Rxf2 25. Qxf2 Kxh7 26. d5 Qxf2+ 27.
Kxf2 Rd8 28. Rd1 Kg7 29. Ke3 Kf6 30. Kd4 Ke7 31. Rb1 b6 32. a4 Kd6 33. a5 Re8
34. axb6 Re4+ 35. Kd3 axb6 36. Rxb6+ Kxd5 37. Rb7 Ke6 38. Rb6+ Ke7 39. Rb7+ Kf6
40. Rb6+ Re6 41. Rb7 f4 42. Kd2 Re5 43. Kd1 Re3 44. Rb5 f3 45. gxf3 Rxf3 46. h4
Rh3 47. Rb4 Kg7 48. Ke2 Kh6 49. Kf2 f5 50. Kg2 Ra3 51. Rb8 Kh5 52. Rh8+ Kg4 53.
Rh6 Ra6 54. Kf2 f4 55. Kg2 f3+ 56. Kh2 Rb6 57. h5 Rb2+ 58. Kg1 g5 0-1

[Event "Open - 5 Day"]
[Site "Philadelphia"]
[Date "2001.07.05"]
[Round "2"]
[White "Ardaman, Miles F"]
[Black "Traldi, Matthew"]
[Result "0-1"]
[WhiteElo "2387"]
[BlackElo "2262"]
[PlyCount "80"]
[EventDate "2001.07"]

1. Nc3 Nf6 2. e4 d6 3. d4 g6 4. g3 Bg7 5. Bg2 O-O 6. Nge2 Nbd7 7. h3 c5 8. Be3
Qc7 9. a4 Rb8 10. O-O a6 11. a5 cxd4 12. Bxd4 e5 13. Ba7 Ra8 14. Be3 b5 15.
axb6 Nxb6 16. b3 Bb7 17. Qb1 Nbd7 18. Ra4 Bc6 19. Rc4 Nb6 20. Bxb6 Qxb6 21. Rd1
Rfd8 22. Na4 Qb7 23. Nec3 Bf8 24. Nd5 Nxd5 25. exd5 Bb5 {Diagram #} 26. Rc6
Rac8 27. c4 Rxc6 28. cxb5 Rcc8 29. b6 Rc5 30. Rc1 Rdc8 31. Nxc5 Rxc5 32. Rxc5
dxc5 33. Qa1 Qxb6 34. Qxe5 Qxb3 35. Kh2 Qd3 36. h4 c4 37. Qc7 c3 38. Qc8 c2 39.
d6 Kg7 40. d7 Be7 0-1

[Event "Open - 5 Day"]
[Site "Philadelphia"]
[Date "2001.07.05"]
[Round "2"]
[White "Ashley, Maurice A"]
[Black "Fernandez, Daniel"]
[Result "1-0"]
[WhiteElo "2583"]
[BlackElo "2291"]
[PlyCount "107"]
[EventDate "2001.07"]

1. e4 e5 2. Nf3 Nc6 3. d4 exd4 4. Nxd4 Nf6 5. Nxc6 bxc6 6. e5 Qe7 7. Qe2 Nd5 8.
c4 Ba6 9. b3 g6 10. g3 Bg7 11. Bb2 O-O-O 12. Bg2 Rhe8 13. O-O Bxe5 14. Qxe5
Qxe5 15. Bxe5 Rxe5 16. cxd5 Bxf1 17. Kxf1 cxd5 18. Nc3 c6 19. Rc1 Kb7 20. Na4
d6 21. Nb2 Re7 22. Nd3 Rc7 23. Ke2 Kb6 24. Kd2 Re8 25. a4 g5 26. g4 h6 27. Nb4
a5 28. Nc2 Re5 29. Ne3 f6 30. h3 Rd7 31. Bf3 Rd8 32. Kd3 Kb7 33. h4 Kb6 34. Rh1
Kc5 35. hxg5 hxg5 36. Nf5 Kb4 37. Nd4 Rc8 38. Rh7 Ka3 39. Rb7 Ka2 40. Rb6 c5
41. Nb5 c4+ 42. bxc4 dxc4+ 43. Kc2 Re1 44. Nxd6 Rf1 45. Ne4 Re8 46. Rxf6 Rb8
47. Nc3+ Ka3 48. Nd1 Kxa4 49. Be2 Re1 50. Bxc4 Kb4 51. Rc6 a4 52. Ne3 Rf8 53.
Kd2 Rg1 54. Nc2+ 1-0

[Event "Open - 5 Day"]
[Site "Philadelphia"]
[Date "2001.07.05"]
[Round "2"]
[White "Bannon, Eric"]
[Black "Bonin, Jay R"]
[Result "0-1"]
[WhiteElo "2260"]
[BlackElo "2448"]
[PlyCount "90"]
[EventDate "2001.07"]

1. e4 c5 2. Nf3 Nc6 3. d4 cxd4 4. Nxd4 e5 5. Nf3 h6 6. Bc4 Nf6 7. Nc3 a6 8. O-O
Bc5 9. Qd3 d6 10. a3 O-O 11. Nd5 Be6 12. Bd2 Rc8 13. Rad1 Kh8 14. Bc1 Ne7 15.
Ne3 Bxe3 16. Bxe6 Bxf2+ 17. Rxf2 fxe6 18. Re2 Qb6+ 19. Kh1 d5 20. Nxe5 Nxe4 21.
Nd7 Nf2+ 22. Rxf2 Qxf2 23. Nxf8 Rxf8 24. Be3 Qf5 25. Qb3 Ng6 26. c4 Nh4 27. Bc5
Qg4 28. Qc2 Rf2 29. Qxf2 Qxd1+ 30. Qg1 Qxg1+ 31. Kxg1 dxc4 32. Kf2 Kg8 33. g3
Ng6 34. Bd6 Kf7 35. Ke3 Ne7 36. g4 h5 37. h3 hxg4 38. hxg4 Nc6 39. Ke4 b5 40.
Bf4 a5 41. Bd2 b4 42. axb4 axb4 43. Be1 c3 44. bxc3 b3 45. Kd3 Ne5+ 0-1

[Event "Open - 5 Day"]
[Site "Philadelphia"]
[Date "2001.07.05"]
[Round "2"]
[White "Bengtson, Matthew"]
[Black "Zaitshik, Gennadi"]
[Result "1-0"]
[WhiteElo "2284"]
[BlackElo "2568"]
[PlyCount "93"]
[EventDate "2001.07"]

1. d4 d6 2. e4 g6 3. Nc3 Bg7 4. Be3 c6 5. Qd2 b5 6. Nf3 Nd7 7. Bd3 e5 8. d5
cxd5 9. Nxd5 a6 10. a4 bxa4 11. Qc3 Rb8 12. Rxa4 Ngf6 13. Nc7+ Kf8 14. Nxa6
Bxa6 15. Rxa6 Ra8 16. Qa3 Rxa6 17. Qxa6 d5 18. Nd2 d4 19. Bg5 h6 20. Bh4 Kg8
21. O-O Qc7 22. Qc4 Qa7 23. b4 Nh5 24. Nb3 Nb6 25. Qc6 Kh7 26. Ra1 Qb8 27. Ra6
Na8 28. Qc4 Nc7 29. Rc6 Ne6 30. Nc5 Nxc5 31. Rxc5 Nf4 32. Rc7 Rf8 33. Be7 Re8
34. Bd6 Re6 35. Qc5 Nxd3 36. cxd3 Qd8 37. Be7 Qa8 38. Ra7 Qb8 39. Qa5 Rc6 40.
Bc5 Qe8 41. Qb5 Qe6 42. h3 Kg8 43. Re7 Qf6 44. Rxe5 Kh7 45. Rd5 Rc8 46. Qb7 Rc6
47. f3 1-0

[Event "Open - 5 Day"]
[Site "Philadelphia"]
[Date "2001.07.05"]
[Round "2"]
[White "Benjamin, Joel"]
[Black "Smith, Bryan G"]
[Result "1-0"]
[WhiteElo "2652"]
[BlackElo "2339"]
[PlyCount "63"]
[EventDate "2001.07"]

1. e4 e6 2. d3 c5 3. Nf3 Nc6 4. g3 g6 5. d4 d5 6. exd5 exd5 7. Bg2 cxd4 8. Nxd4
Bg7 9. Be3 Nge7 10. Nc3 O-O 11. O-O Ne5 12. Bg5 f6 13. Bf4 Bg4 14. Nce2 Qd7 15.
f3 Bh3 16. Bxh3 Qxh3 17. g4 h5 18. Bg3 g5 19. Nf5 Nxf5 20. Qxd5+ Kh8 21. gxf5
Rfd8 22. Qe4 Re8 23. Nd4 Rad8 24. Ne6 Rd2 25. Rf2 Rxf2 26. Kxf2 Rxe6 27. fxe6
f5 {Diagram #} 28. Qxe5 Bxe5 29. e7 Bxg3+ 30. hxg3 f4 31. e8=Q+ Kg7 32. Qe5+
1-0

[Event "Open - 5 Day"]
[Site "Philadelphia"]
[Date "2001.07.05"]
[Round "2"]
[White "Bereolos, Peter"]
[Black "Milman, Lev"]
[Result "0-1"]
[WhiteElo "2366"]
[BlackElo "2033"]
[PlyCount "138"]
[EventDate "2001.07"]

1. d4 Nf6 2. c4 g6 3. Nc3 Bg7 4. e4 d6 5. f4 O-O 6. Nf3 c5 7. d5 e6 8. Be2 exd5
9. cxd5 Bg4 10. O-O Nbd7 11. Nd2 Bxe2 12. Qxe2 Re8 13. Qf3 Rc8 14. Nc4 Nb6 15.
Nxb6 Qxb6 16. e5 Nd7 17. e6 fxe6 18. dxe6 Rxe6 19. f5 gxf5 20. Qxf5 c4+ 21. Kh1
Rf6 22. Qd5+ Kh8 23. Bg5 Rxf1+ 24. Rxf1 Qxb2 25. Ne4 Qe5 26. Qxb7 Re8 27. Qxd7
Qxe4 28. Qxd6 Qf5 29. Bf4 c3 30. Qc6 Rc8 31. Qf3 c2 32. Bc1 Qb5 {Diagram #} 33.
g3 Rf8 34. Bf4 Rxf4 35. gxf4 Qxf1+ 36. Qxf1 Bb2 37. Qb5 c1=Q+ 38. Kg2 Qd2+ 39.
Kf3 Qd1+ 40. Kg3 Qe1+ 41. Kf3 Qh1+ 42. Kg3 Qg1+ 43. Kf3 Bf6 44. Qb8+ Kg7 45.
Qb7+ Kh6 46. Qa6 Qd4 47. Qe6 Qd1+ 48. Kg2 Kg7 49. h3 h5 50. Qa6 Qd2+ 51. Kf3
Qd5+ 52. Kg3 h4+ 53. Kf2 Bd4+ 54. Ke2 Qe4+ 55. Kd1 Qb1+ 56. Ke2 Qb2+ 57. Kf3
Qf2+ 58. Ke4 Qe3+ 59. Kd5 Qxf4 60. Qb7+ Kg6 61. Qb1+ Kf6 62. Qh7 Qe5+ 63. Kc4
Qc5+ 64. Kd3 Qc3+ 65. Ke2 Qe3+ 66. Kd1 Qf3+ 67. Kc1 Qc3+ 68. Kd1 Qa1+ 69. Ke2
Qxa2+ 0-1

[Event "Open - 5 Day"]
[Site "Philadelphia"]
[Date "2001.07.05"]
[Round "2"]
[White "Filatov, Leonid"]
[Black "Lapshun, Yury"]
[Result "0-1"]
[WhiteElo "2281"]
[BlackElo "2499"]
[PlyCount "70"]
[EventDate "2001.07"]

1. d4 d6 2. h3 g6 3. Nf3 Bg7 4. Bf4 f5 5. e3 Nf6 6. Be2 O-O 7. O-O e6 8. c4 Qe7
9. Nc3 b6 10. Rc1 Bb7 11. b4 Nbd7 12. c5 e5 13. Bh2 a6 14. cxd6 cxd6 15. dxe5
dxe5 16. Bc4+ Kh8 17. Nd5 Bxd5 18. Bxd5 Rad8 19. Qb3 Nxd5 20. Qxd5 Nc5 21. Qc4
Nd3 22. Rb1 b5 23. Qb3 Rd7 24. Bg3 g5 25. Rfd1 e4 26. Ne1 f4 27. Bh2 Nxf2 28.
Kxf2 fxe3+ 29. Ke2 Rxd1 30. Rxd1 Rf2+ 31. Kxe3 Qa7+ 32. Kxe4 Qe7+ 33. Kd5 Rf6
34. Nd3 Qe6+ 35. Kc5 Qd7 0-1

[Event "Open - 5 Day"]
[Site "Philadelphia"]
[Date "2001.07.05"]
[Round "2"]
[White "Finegold, Benjamin"]
[Black "Adu, Oladapo"]
[Result "1/2-1/2"]
[WhiteElo "2623"]
[BlackElo "2337"]
[PlyCount "54"]
[EventDate "2001.07"]

1. d4 e6 2. c4 c5 3. d5 exd5 4. cxd5 d6 5. Nc3 Ne7 6. h4 Ng6 7. e4 Be7 8. h5
Ne5 9. Bb5+ Kf8 10. Be2 a6 11. f4 Ned7 12. Nf3 Bf6 13. g4 Bxc3+ 14. bxc3 Nf6
15. e5 Nxg4 16. Ng5 Nh6 17. Ne4 dxe5 18. fxe5 Qe7 19. Bf4 Bf5 20. Nd6 Nd7 21.
Bxh6 gxh6 22. Nxf5 Qxe5 23. Qd3 Re8 24. Rf1 Rg8 25. Nxh6 Rg7 {Diagram #} 26.
Qf3 f6 27. Ng4 Rxg4 1/2-1/2

[Event "Open - 5 Day"]
[Site "Philadelphia"]
[Date "2001.07.05"]
[Round "2"]
[White "Goletiani, Rusudan"]
[Black "Ivanov, Alexander"]
[Result "0-1"]
[WhiteElo "2339"]
[BlackElo "2640"]
[PlyCount "42"]
[EventDate "2001.07"]

1. Nf3 g6 2. g3 Bg7 3. Bg2 e5 4. e4 Nc6 5. O-O Nge7 6. b3 f5 7. d3 d6 8. Bb2
O-O 9. exf5 Bxf5 10. Re1 Qd7 11. Nbd2 Bg4 12. Qe2 e4 13. Bxg7 exf3 14. Bxf3
Bxf3 15. Nxf3 Kxg7 16. Ng5 Kg8 17. Qe6+ Qxe6 18. Nxe6 Rfc8 19. d4 Nf5 20. c3
Ng7 21. d5 Ne5 0-1

[Event "Open - 5 Day"]
[Site "Philadelphia"]
[Date "2001.07.05"]
[Round "2"]
[White "Gonzales, Jayson O"]
[Black "Zimbeck, David"]
[Result "1-0"]
[WhiteElo "2370"]
[BlackElo "2044"]
[PlyCount "27"]
[EventDate "2001.07"]

1. c4 e5 2. g3 f5 3. Bg2 Nf6 4. Nc3 c6 5. d4 e4 6. Nh3 d5 7. cxd5 cxd5 8. Bg5
Be6 9. Nf4 Qd7 10. Bxf6 gxf6 11. Nxe6 Qxe6 12. Qb3 Nc6 13. Nxd5 O-O-O 14. Nb6+
1-0

[Event "Open - 5 Day"]
[Site "Philadelphia"]
[Date "2001.07.05"]
[Round "2"]
[White "Karklins, Andrew"]
[Black "Manne, Kiran K"]
[Result "0-1"]
[WhiteElo "2418"]
[BlackElo "2168"]
[PlyCount "84"]
[EventDate "2001.07"]

1. e4 Nf6 2. e5 Nd5 3. Qf3 e6 4. Qg3 d6 5. f4 c5 6. Nf3 Nc6 7. c3 a6 8. Be2
Nde7 9. O-O Nf5 10. Qf2 Be7 11. d3 O-O 12. Na3 b5 13. Nc2 Qc7 14. Ne3 dxe5 15.
fxe5 Nxe5 16. Nxf5 exf5 17. Nxe5 Qxe5 18. Bf4 Qf6 19. Be3 Bd7 20. Bxc5 Bxc5 21.
Qxc5 Rac8 22. Qf2 b4 23. c4 Qxb2 24. Rab1 Qxa2 25. Rxb4 a5 26. Rbb1 a4 27. Bf3
Qa3 28. Rfc1 Rfd8 29. d4 g6 30. c5 Be6 31. Bb7 Rc7 32. Qf4 Rdd7 33. c6 Re7 34.
Rc5 Qd3 35. Re1 a3 {Diagram #} 36. Ra5 Bc4 37. Rae5 a2 38. h3 Qc3 39. Rxe7 Rxe7
40. Qb8+ Kg7 41. Rxe7 a1=Q+ 42. Kh2 Qxd4 0-1

[Event "Open - 5 Day"]
[Site "Philadelphia"]
[Date "2001.07.05"]
[Round "2"]
[White "Kaufman, Lawrence"]
[Black "Shapiro, Daniel E"]
[Result "0-1"]
[WhiteElo "2461"]
[BlackElo "2280"]
[PlyCount "90"]
[EventDate "2001.07"]

1. c4 e6 2. Nc3 d5 3. d4 Be7 4. Nf3 Nf6 5. Bg5 h6 6. Bh4 O-O 7. e3 b6 8. Bd3
Bb7 9. O-O Nbd7 10. Qe2 Ne4 11. Bg3 c5 12. cxd5 exd5 13. Rfd1 Bf6 14. Rac1 Re8
15. Bb1 Nxc3 16. bxc3 Qe7 17. h4 h5 18. Bf5 g6 19. Bxd7 Qxd7 20. Be5 Be7 21. c4
Qg4 22. Qd2 Rad8 23. e4 f6 24. exd5 fxe5 25. Nxe5 Qxd4 26. Qe2 Qxh4 27. Nxg6
Qg5 28. Qe6+ Kg7 29. Nxe7 Rxe7 30. Qh3 Bc8 31. Qc3+ Qe5 32. Qd2 Rd6 33. Rc3 Bg4
34. Re3 Qg5 35. f4 Qf6 36. Rxe7+ Qxe7 37. Re1 Qf6 38. Re5 Rd7 39. Qe3 Rf7 40.
g3 Kh7 41. a4 Bf5 42. Qe2 Qg6 43. Kh2 Rg7 44. Qf2 Qg4 45. Qg2 h4 0-1

[Event "Open - 5 Day"]
[Site "Philadelphia"]
[Date "2001.07.05"]
[Round "2"]
[White "Le Siege, Alexande"]
[Black "Blanco, Cristobal"]
[Result "0-1"]
[WhiteElo "2613"]
[BlackElo "2312"]
[PlyCount "80"]
[EventDate "2001.07"]

1. d4 d5 2. c4 c6 3. Nc3 Nf6 4. Nf3 e6 5. Bg5 Be7 6. e3 Nbd7 7. Bd3 a6 8. O-O
O-O 9. c5 h6 10. Bf4 Nh5 11. b4 f5 12. Be5 Qe8 13. Be2 Nhf6 14. Bg3 g5 15. Ne5
h5 16. f4 Nxe5 17. dxe5 Ng4 18. Qd4 a5 19. b5 b6 20. cxb6 c5 21. Qd2 Bb7 22. h3
h4 23. Be1 Nh6 24. Na4 g4 25. hxg4 fxg4 26. e4 dxe4 27. Bc4 Rd8 28. Bxe6+ Kh8
29. Qc1 Qg6 30. f5 Nxf5 31. Bxf5 Rxf5 32. Rxf5 Qxf5 33. Qh6+ Qh7 34. Qxh7+ Kxh7
35. Bf2 Rd5 36. Rc1 Bg5 37. Re1 Bf4 38. Rxe4 Bxe5 39. Bxh4 g3 40. Rxe5 ({
Fritz 5.32:} 40. Kf1 Kg6 41. Ke1 Kf5 42. Re3 Bf4 43. Re2 Re5 44. a3 c4 {0.59/10
}) 40... Rd1+ 0-1

[Event "Open - 5 Day"]
[Site "Philadelphia"]
[Date "2001.07.05"]
[Round "2"]
[White "Lein, Anatoly Y"]
[Black "Anderson, Renard W"]
[Result "1/2-1/2"]
[WhiteElo "2486"]
[BlackElo "2280"]
[PlyCount "88"]
[EventDate "2001.07"]

1. d4 Nf6 2. c4 c5 3. d5 b5 4. Nd2 bxc4 5. e4 c3 6. bxc3 d6 7. Ngf3 g6 8. Bb2
Bg7 9. Bb5+ Bd7 10. Bd3 O-O 11. O-O Bg4 12. Qc2 Nbd7 13. h3 Bxf3 14. Nxf3 Rb8
15. Rfb1 Qa5 16. a4 Rb7 17. Bb5 Nb8 18. Nd2 Nfd7 19. Be2 Qc7 20. Bc1 Rxb1 21.
Rxb1 Nf6 22. Nc4 Nbd7 23. Bf4 Rb8 24. Rxb8+ Qxb8 25. g4 h6 26. Bg3 Qc7 27. f3
Nb6 28. Na3 Nfd7 29. Bf2 Nc8 30. Ba6 Ncb6 31. Bb5 Nb8 32. Qb3 N6d7 33. Bxd7
Nxd7 34. Nc4 Ne5 35. Nxe5 Bxe5 36. Be1 Kh7 37. Qb5 Qc8 38. Bd2 g5 39. Kg2 Kg6
40. a5 e6 41. a6 exd5 42. exd5 Qd8 43. Kf1 Qe7 44. Qc4 Kg7 {Diagram #} 1/2-1/2

[Event "Open - 5 Day"]
[Site "Philadelphia"]
[Date "2001.07.05"]
[Round "2"]
[White "Paschall, William"]
[Black "Dunne, Alex"]
[Result "1-0"]
[WhiteElo "2448"]
[BlackElo "2275"]
[PlyCount "57"]
[EventDate "2001.07"]

1. d4 d5 2. Nf3 Nf6 3. c4 dxc4 4. e3 e6 5. Bxc4 c5 6. O-O a6 7. a4 Nc6 8. Qe2
cxd4 9. Rd1 Be7 10. exd4 O-O 11. Nc3 Nb4 12. Ne5 b6 13. Bg5 Bb7 14. Ra3 Nbd5
15. Rb3 Nxc3 16. bxc3 Nd5 17. Bd2 Bd6 18. Bd3 Qh4 19. c4 Nf6 20. f4 Bc7 21. Bc2
Qh5 22. Qe1 Be4 23. Bxe4 Nxe4 24. g4 Nxd2 25. gxh5 Nxb3 26. h6 g6 27. Qc3 Na5
28. d5 exd5 29. Nxg6 1-0

[Event "Open - 5 Day"]
[Site "Philadelphia"]
[Date "2001.07.05"]
[Round "2"]
[White "Pixton, Aaron"]
[Black "Wojtkiewicz, Alek"]
[Result "1-0"]
[WhiteElo "2357"]
[BlackElo "2692"]
[PlyCount "77"]
[EventDate "2001.07"]

1. d4 g6 2. e4 d6 3. Nc3 c6 4. Be3 b5 5. Qd2 Nf6 6. f3 Nbd7 7. h4 Bb7 8. Nh3 e5
9. dxe5 dxe5 10. Be2 Nc5 11. Qxd8+ Rxd8 12. a4 a6 13. Kf2 Be7 14. Rhd1 Rxd1 15.
Bxd1 Nfd7 16. h5 gxh5 17. Be2 Rg8 18. axb5 axb5 19. Nb1 Bc8 20. b4 Ne6 21. c3
Kd8 22. Ra7 Bd6 23. Nd2 Bb8 24. Ra1 Bc7 25. Ra7 Bb8 26. Ra1 Kc7 27. Nb3 Nb6 28.
Kf1 Na4 29. c4 Nc3 30. cxb5 Nxb5 31. Bxb5 cxb5 32. Rc1+ Kd6 33. Nf2 Ke7 34. Nd3
h4 35. Na5 Bd6 36. Nc5 Nxc5 37. bxc5 Bc7 38. Nc6+ Kf6 39. Nb4 {
Diagram # Lost on time.} 1-0

[Event "Open - 5 Day"]
[Site "Philadelphia"]
[Date "2001.07.05"]
[Round "2"]
[White "Price, Richard G"]
[Black "Sequera, Paolin"]
[Result "0-1"]
[WhiteElo "2132"]
[BlackElo "2467"]
[PlyCount "44"]
[EventDate "2001.07"]

1. e4 e6 2. Qe2 c5 3. g3 Nc6 4. Nf3 Be7 5. c3 d5 6. d3 Nf6 7. Bg2 O-O 8. O-O b6
9. Rd1 a5 10. e5 Nd7 11. d4 Ba6 12. Qe3 Qc7 13. Ne1 Rac8 14. h4 f6 15. Bh3 cxd4
16. Bxe6+ Kh8 17. cxd4 fxe5 18. Bxd5 Nxd4 19. Nc3 Bc5 20. Qd2 Ne2+ 21. Nxe2
Rxf2 22. Kh1 Bxe2 0-1

[Event "Open - 5 Day"]
[Site "Philadelphia"]
[Date "2001.07.05"]
[Round "2"]
[White "Siegel, Noah J"]
[Black "Gruenfeld, Yehuda"]
[Result "0-1"]
[WhiteElo "2299"]
[BlackElo "2618"]
[PlyCount "58"]
[EventDate "2001.07"]

1. d4 Nf6 2. c4 e6 3. Nf3 c5 4. e3 Be7 5. Nc3 O-O 6. Bd3 Na6 7. O-O d6 8. b3 b6
9. Bb2 Bb7 10. Qe2 Re8 11. Rad1 cxd4 12. exd4 Bf8 13. Rfe1 Nc7 14. Bb1 g6 15.
b4 a6 16. a4 b5 17. cxb5 axb5 18. d5 bxa4 19. dxe6 Nxe6 20. Qd3 a3 21. Bc1 Qb6
22. Ba2 Qxb4 23. Qc4 Qxc4 24. Bxc4 Rac8 25. Bxe6 Rxe6 26. Rxe6 fxe6 27. Nb5 a2
28. Bb2 Bxf3 29. gxf3 Rb8 0-1

[Event "Open - 5 Day"]
[Site "Philadelphia"]
[Date "2001.07.05"]
[Round "2"]
[White "Wright, William B"]
[Black "Fedorowicz, John P"]
[Result "0-1"]
[WhiteElo "2200"]
[BlackElo "2607"]
[PlyCount "74"]
[EventDate "2001.07"]

1. d4 Nf6 2. c4 c5 3. d5 b5 4. cxb5 a6 5. bxa6 g6 6. Nc3 Bxa6 7. Nf3 d6 8. e4
Bxf1 9. Kxf1 Bg7 10. g3 O-O 11. Kg2 Nbd7 12. Re1 Ng4 13. Bf4 Qa5 14. h3 Nge5
15. Nxe5 Nxe5 16. Bxe5 Bxe5 17. Re3 Rfb8 18. Qc2 Bd4 19. Rf3 Rb7 20. a4 Rb4 21.
Ra2 Be5 22. Re3 Rab8 23. Nd1 Rd4 24. b3 Qb4 25. f4 Bg7 26. Nf2 c4 27. bxc4 Rxc4
28. Qd3 Bd4 29. Ree2 Rc3 30. Qd1 Bxf2 31. Kxf2 Qc5+ 32. Kg2 Rc1 33. Qd3 Qg1+
34. Kf3 h5 35. h4 Qf1+ 36. Ke3 Rcb1 37. Rac2 Qg1+ 0-1